000 00550-am-a2200181-a-4500
001 YSU0044647
003 AM-YeHGA
005 20250618075850.0
008 000419s1949 xxu 000 0 rus u
040 _aAM-YeHGA
100 1 0 _aКаган, В.Ф.
245 1 0 _aАрхимед :
_bКраткий очерк о жизни и творчестве /
_cВ.Ф. Каган
260 _aЛ.,
_aМосква :
_bГостехтеориздат ,
_c1949.
300 _a52 с.
650 4 _aФизика
_951
653 _aАрхимед
090 _c508274
999 _c504854
_d504854